Priklincoval som mu topánky k podlahe! dnes našiel odvahu PhDr. Michal Pastorák, prešovský umelec...

Bibliographic Details
Main Authors: Országh, Milan (Author, Interviewer), Pastorák, Michal, 1944- (Author)
Format: Article
Language:Slovak
PhysicalDescription:Fotogr.
ISSN:1336-4030
Subjects:
Online Access:www.vecernik.po.sk

MARC

LEADER 00000nab a2200000 a 4500
001 vtls008985347
003 SK-MaSNL
005 20260304034724.0
008 070502c20070216xo dr n 000 00slo
038 |a SVKPOCL 
040 |a SVKPOCL  |b slo  |c AACR2  |e AACR2 
041 |a slo 
044 |a xo  |c SK 
080 |a 75.071.1  |2 2001 
080 |a 929 Pastorák, Michal  |2 2001 
100 1 |a Országh, Milan  |4 ivr  |4 aut  |9 371464 
245 1 0 |a Priklincoval som mu topánky k podlahe!  |b dnes našiel odvahu PhDr. Michal Pastorák, prešovský umelec...  |c pripravil: Milan Országh 
300 |a Fotogr. 
600 1 7 |a Pastorák, Michal,  |d 1944-  |2 svkpocl  |9 37610 
651 7 |a Prešov (Slovensko)  |2 svkpocl  |9 17347 
700 1 |a Pastorák, Michal,  |d 1944-  |4 ive  |4 aut  |9 37610 
773 0 |t Prešovský večerník  |g Roč. XVIII, č. 4140 (16.2.2007), s. 9  |x 1336-4030 
852 |a SVKPO  |b KIS3GCP 
856 4 1 |u www.vecernik.po.sk 
958 |a RG 
999 |c 2654613  |d 2656543